|
|
|
|
| LEADER |
00000naa2a2200000 4500 |
| 001 |
388071 |
| 005 |
20231101063707.0 |
| 035 |
|
|
|a (RuTPU)RU\TPU\prd\18783
|
| 090 |
|
|
|a 388071
|
| 100 |
|
|
|a 20031021a2003 k y0rusy50 ca
|
| 101 |
0 |
|
|a rus
|
| 102 |
|
|
|a un
|
| 200 |
1 |
|
|a К расчёту донных эхо-сигналов для прямых преобразователей с произвольной формой активной поверхности
|f Г. Г. Луценко, В. Г. Беркута
|
| 225 |
1 |
|
|a Неразрушающий контроль
|
| 320 |
|
|
|a Библиогр.: 3 назв.
|
| 461 |
|
1 |
|0 (RuTPU)RU\TPU\prd\1736
|x 0235-3474
|t Техническая диагностика и неразрушающий контроль
|o научно-технический и производственный журнал
|f Национальная академия наук Украины (НАНУ), Институт электросварки им. Е. О. Патона (ИЭС) ; Международная ассоциация "Сварка"
|d 1990-1993, 2001-
|
| 463 |
|
1 |
|0 (RuTPU)RU\TPU\prd\18469
|t № 3
|v С. 11-14
|d 2003
|
| 610 |
1 |
|
|a донные эхо-сигналы
|
| 610 |
1 |
|
|a расчёты
|
| 610 |
1 |
|
|a преобразователи
|
| 610 |
1 |
|
|a активная поверхность
|
| 610 |
1 |
|
|a амплитуда сигнала
|
| 675 |
|
|
|a 621.112.16
|v 3
|
| 700 |
|
1 |
|a Луценко
|b Г. Г.
|
| 701 |
|
1 |
|a Беркута
|b В. Г.
|
| 801 |
|
1 |
|a RU
|b 63413507
|c 20031021
|g PSBO
|
| 801 |
|
2 |
|a RU
|b 63413507
|c 20140128
|g RCR
|
| 942 |
|
|
|c BK
|